| 000 | 00775nam a2200253Ia 4500 | ||
|---|---|---|---|
| 003 | OSt | ||
| 005 | 20220918165912.0 | ||
| 006 | a|||||r|||| 00| 0 | ||
| 007 | ta | ||
| 008 | 220917b |||||||| |||| 00| 0 eng d | ||
| 020 |
_a8178243253 (pbk) _cINR 395.00 |
||
| 024 | _a325,865 | ||
| 037 |
_bIN3942/17-18, 14/03/2018, R. K. Books _cTextual |
||
| 040 |
_aARTS _cARTS _beng |
||
| 041 |
_2eng _aeng |
||
| 082 | _aQ4xM76, Q1 | ||
| 100 |
_aKosambi Meera Tr. _926006 |
||
| 245 | 0 |
_aNivedan _b autobiography of Dharmanand Kosambi |
|
| 260 |
_aRanikhet _bPermanent Black India _c2011 |
||
| 300 |
_axii,191p. _ccm. |
||
| 650 | _aRELIGION | ||
| 942 |
_hQ4xM76, Q1 _cTEXL _2CC |
||
| 999 |
_c131615 _d131615 |
||